AFL Video Games - Statistics

General Stats
  • This quiz has been taken 59 times
    11 since last reset
  • The average score is 5 of 19
Answer Stats
Released Developer Answer % Correct
2023 Big Ant Studios AFL 23
80%
2017 Wicked Witch Software AFL Evolution
80%
2020 Wicked Witch Software AFL Evolution 2
70%
2011 Big Ant Studios AFL Live
70%
2013 Wicked Witch Software AFL Live 2
50%
2025 Big Ant Studios AFL 25
40%
1997 Creative Assembly AFL 98
10%
1998 Creative Assembly AFL 99
10%
2009 Wicked Witch Software AFL Challenge
10%
1996 Blue Tongue Entertainment AFL Finals Fever
10%
2005 IR Gurus AFL Premiership 2005
10%
2006 IR Gurus AFL Premiership 2006
10%
2007 IR Gurus AFL Premiership 2007
10%
1991 Beam Software Aussie Rules Footy
10%
2002 IR Gurus AFL Live 2003
0%
2003 IR Gurus AFL Live 2004
0%
2004 IR Gurus AFL Live: Premiership Edition
0%
2009*** Wicked Witch Software AFL Mascot Manor
0%
2001 IR Gurus Kevin Sheedy AFL Coach 2002
0%
No matching quizzes found
Score Distribution
Percent of People with Each Score
Percentile by Number Answered
Your Score History
You have not taken this quiz since the last reset